000 00547nam a2200181Ia 4500
003 GCL
008 140319s9999 xx 000 0 ara d
040 _aGCL /
_cGCL
082 0 4 _a796.33
_bع ا
100 1 _aعزت محمود الكاشف
245 1 0 _aاقتصاديات التربية البدنية والرياضية /
_cعزت محمود الكاشف
300 _a101
490 _aكتاب
_v0
650 0 4 _aالاقتصاد
650 0 4 _aالالعاب الرياضية
650 0 4 _aالتربية البدنية
942 _2ddc
_cBK
999 _c42526
_d42526